Statistics for T20 International Highest Innings (cricket)

Click here to take the quiz!

General Stats

  • This quiz has been taken 613 times
    (133 since last reset)
  • The average score is 5 of 10

Answer Stats

seasonscoreforplayer% Correct
2007-08117WIChris Gayle
91%
2018-19172AusAaron Finch
90%
2016-17145*AusGlenn Maxwell
75%
2020-21122PakBabar Azam
68%
2012-13123NZBrendon McCullum
57%
2013-14116*EngAlex Hales
41%
2018-19162*AfgHazratullah Zazai
41%
2015-16124*AusShane Watson
37%
2017-18125*WIEvin Lewis
34%
2011-12117*SARichard Levi
13%

Score Distribution

Percentile by Number Answered

Percent of People with Each Score

Your Score History

You have not taken this quiz since the last reset